Firewalls and Internet security : (Record no. 218173)

000 -LEADER
fixed length control field 01006 a2200241 4500
003 - CONTROL NUMBER IDENTIFIER
control field Nust
005 - DATE AND TIME OF LATEST TRANSACTION
control field 20221019090814.0
010 ## - LIBRARY OF CONGRESS CONTROL NUMBER
LC control number 2003000644
020 ## - INTERNATIONAL STANDARD BOOK NUMBER
International Standard Book Number 020163466X
040 ## - CATALOGING SOURCE
Transcribing agency Nust
082 00 - DEWEY DECIMAL CLASSIFICATION NUMBER
Classification number 005.8,CHE
100 1# - MAIN ENTRY--PERSONAL NAME
Personal name Cheswick, William R.
9 (RLIN) 5352
245 10 - TITLE STATEMENT
Title Firewalls and Internet security :
Remainder of title repelling the wily hacker /
Statement of responsibility, etc. William R. Cheswick, Steven M. Bellovin and Aviel D. Rubin.
250 ## - EDITION STATEMENT
Edition statement 2nd ed.
260 ## - PUBLICATION, DISTRIBUTION, ETC.
Place of publication, distribution, etc. Boston :
Name of publisher, distributor, etc. Addison-Wesley,
Date of publication, distribution, etc. c2003.
300 ## - PHYSICAL DESCRIPTION
Extent xx, 433 p. :
Other physical details ill. ;
Dimensions 24 cm.
440 #0 - SERIES STATEMENT/ADDED ENTRY--TITLE
Title Addison-Wesley professional computing series
9 (RLIN) 95725
505 ## - FORMATTED CONTENTS NOTE
Formatted contents note Part-I. Getting Started (Page-1), Part-II. The Threats (Page-93), Part-III. Safer Tools and Services (Page-135), Part-IV. Firewalls and VPNS (Page-173), Part-V. Protecting an Organization (Page-245), Part-VI. Lessons Learned. (Page-285).
650 #0 - SUBJECT ADDED ENTRY--TOPICAL TERM
Topical term or geographic name entry element Firewalls (Computer security)
9 (RLIN) 69274
700 1# - ADDED ENTRY--PERSONAL NAME
Personal name Bellovin, Steven M.
9 (RLIN) 100722
700 1# - ADDED ENTRY--PERSONAL NAME
Personal name Rubin, Aviel D.
9 (RLIN) 100723
942 ## - ADDED ENTRY ELEMENTS (KOHA)
Source of classification or shelving scheme
Koha item type Book
Call number prefix 005.8,CHE
Holdings
Withdrawn status Lost status Source of classification or shelving scheme Damaged status Not for loan Permanent Location Current Location Shelving location Date acquired Full call number Barcode Date last seen Price effective from Koha item type Public note
          Military College of Signals (MCS) Military College of Signals (MCS) General Stacks 12/12/2016 005.8,CHE MCS37493 12/08/2016 12/12/2016 Book Almirah No.8, Shelf No.6
© 2023 Central Library, National University of Sciences and Technology. All Rights Reserved.